[Event "AUTO-OPEN-2441"]
[Site "http://www.queenalice.com/game.php?id=971755"]
[Date "2011.8.12"]
[Round "1"]
[White "pianoxadrez"]
[Black "dreaming_of_a_vacation"]
[Result "1-0"]
[WhiteElo "1500"]
[BlackElo "1438"]

1. d4 d6 2. c4 c6 3. Nc3 Qa5 4. Bd2 Qb4 5. Qc2 Qxc4 6. Nf3 Qe6 7. Ng5 Qf6 8. Nf3
Qg6 9. e4 Qe6 10. Rc1 Nf6 11. Ng5 Qd7 12. e5 Nh5 13. e6 fxe6 14. Bd3 e5 15. Bg6+
hxg6 16. Qxg6+ Kd8 17. Nf7+ Kc7 18. Nd5# 1-0

[Event "AUTO-OPEN-2441"]
[Site "http://www.queenalice.com/game.php?id=971756"]
[Date "2011.8.12"]
[Round "1"]
[White "dreaming_of_a_vacation"]
[Black "pianoxadrez"]
[Result "0-1"]
[WhiteElo "1405"]
[BlackElo "2161"]

1. e3 d5 2. Nc3 c6 3. d4 Nf6 4. Bd3 e6 5. a3 c5 6. Bb5+ Bd7 7. Bd3 c4 8. Be2 Be7
9. Bf3 O-O 10. Nce2 b5 11. Nc3 Bc6 12. Bd2 a5 13. Nh3 Bd6 14. b4 axb4 15. axb4
Rxa1 16. Qxa1 Bxb4 17. Nb1 Bd6 18. Qa5 Qxa5 19. Bxa5 b4 20. g3 Nbd7 21. c3 b3
22. Nd2 Ra8 23. Bb4 Bxb4 24. cxb4 Ra1+ 25. Bd1 b2 26. Nb1 Rxb1 27. Kd2 Rc1 28.
Bc2 Rxh1 29. Kc3 b1=Q 30. Bxb1 Rxb1 31. Ng5 Ne4+ 32. Kc2 Rxb4 33. f4 Ba4+ 34.
Kc1 Nf2 35. Kd2 Rb2+ 36. Kc3 Nd1# 0-1

[Event "AUTO-OPEN-2441"]
[Site "http://www.queenalice.com/game.php?id=971777"]
[Date "2011.8.12"]
[Round "1"]
[White "dreaming_of_a_vacation"]
[Black "rhsatrhs"]
[Result "0-1"]
[WhiteElo "1436"]
[BlackElo "2009"]

1. e3 d5 2. d3 e5 3. Nf3 Nc6 4. d4 e4 5. Ng1 Nf6 6. Nc3 Bb4 7. a3 Bxc3+ 8. bxc3
O-O 9. h3 a6 10. Ne2 Be6 11. Nf4 Qd7 12. Bd2 Ne7 13. f3 Rac8 14. g4 Qd6 15. c4
c5 16. dxc5 Qxc5 17. Ng2 a5 18. Bc3 Rfd8 19. Bd4 Qd6 20. f4 dxc4 21. Be2 Bd5 22.
c3 Nd7 23. O-O Nc5 24. Rb1 Nd3 25. Rxb7 Bxb7 26. g5 Nf5 27. Be5 Qxa3 28. g6 Nxe5
29. Qc2 Nf3+ 30. Kf2 hxg6 31. Qc1 Qxc1 32. Rxc1 Rd2 33. Rb1 Bd5 34. Rb5 Ra8 35.
Rb6 a4 36. Rb1 a3 37. h4 a2 38. Ra1 Rb2 39. Ne1 Nxe1 40. Rxa2 Raxa2 41. h5 Rxe2+
42. Kf1 Ng3+ 43. Kg1 Nf3# 0-1

[Event "AUTO-OPEN-2441"]
[Site "http://www.queenalice.com/game.php?id=971778"]
[Date "2011.8.12"]
[Round "1"]
[White "rhsatrhs"]
[Black "dreaming_of_a_vacation"]
[Result "1-0"]
[WhiteElo "2007"]
[BlackElo "1438"]

1. e4 e5 2. Nf3 a6 3. Nc3 d6 4. Bc4 Nh6 5. h3 Be7 6. d4 Be6 7. Bxe6 fxe6 8. dxe5
dxe5 9. Qxd8+ Bxd8 10. Nxe5 Bf6 11. Nf3 Nc6 12. Bd2 O-O-O 13. O-O-O Kb8 14. g4
g5 15. Bxg5 Bxg5+ 16. Nxg5 Rde8 17. Rd7 Rd8 18. Rxd8+ Nxd8 19. f4 Ng8 20. Rd1
Nf6 21. e5 h6 22. exf6 hxg5 23. fxg5 Rxh3 24. Rxd8+ Ka7 25. f7 Rf3 26. f8=Q Rxf8
27. Rxf8 b5 28. g6 b4 29. Na4 b3 30. cxb3 a5 31. g7 e5 32. g8=Q Ka6 33. Qc4+ Kb7
34. Qb5+ Ka7 35. Qb8+ Ka6 36. Nc5# 1-0

[Event "AUTO-OPEN-2441"]
[Site "http://www.queenalice.com/game.php?id=971779"]
[Date "2011.8.12"]
[Round "1"]
[White "dreaming_of_a_vacation"]
[Black "JonasAlves"]
[Result "0-1"]
[WhiteElo "1423"]
[BlackElo "1364"]

1. e3 e5 2. d3 Nc6 3. Bd2 Nf6 4. Nc3 d5 5. Nf3 Bg4 6. h3 Bxf3 7. Qxf3 Bb4 8. a3
Ba5 9. d4 O-O 10. Bd3 Re8 11. O-O-O e4 12. Bxe4 dxe4 13. Qf5 g6 14. Qg5 Re6 15.
Qb5 b6 16. Qg5 Rc8 17. b4 Nxb4 18. axb4 Bxb4 19. Nb1 Bxd2+ 20. Rxd2 c6 21. Nc3
b5 22. d5 Nxd5 23. h4 Qxg5 24. hxg5 Nxc3 25. Kb2 Na4+ 26. Kb3 Nc5+ 27. Kb4 Na6+
28. Ka5 Nc7 29. f4 f5 30. g3 c5 31. Rd7 Ra6# 0-1

[Event "AUTO-OPEN-2441"]
[Site "http://www.queenalice.com/game.php?id=971780"]
[Date "2011.8.12"]
[Round "1"]
[White "JonasAlves"]
[Black "dreaming_of_a_vacation"]
[Result "0-1"]
[WhiteElo "1463"]
[BlackElo "1420"]

1. e4 e6 2. Nf3 d6 3. Nc3 Bd7 4. e5 Be7 5. d4 d5 6. Bb5 c6 7. Ba4 Qa5 8. O-O h6
9. Bf4 Qc7 10. Re1 Na6 11. Re2 Qb6 12. Qd3 Qxb2 13. Ree1 Nb4 14. Qf1 Qxc3 15.
Bd2 Qa3 16. c3 Na6 17. Bc2 Qa5 18. Reb1 f6 0-1

[Event "Challenge"]
[Site "http://www.queenalice.com/game.php?id=982395"]
[Date "2011.9.7"]
[Round "-"]
[White "albemo"]
[Black "dreaming_of_a_vacation"]
[Result "1-0"]
[WhiteElo "1570"]
[BlackElo "1434"]

1. f4 e6 2. Nf3 f6 3. e4 Bd6 4. d3 Nc6 5. Be2 Nh6 6. f5 e5 7. Bxh6 gxh6 8. d4
Bb4+ 9. c3 Bf8 10. d5 Ne7 11. O-O d6 12. Nbd2 a6 13. Nh4 c6 14. Bh5+ Kd7 15.
dxc6+ bxc6 16. Nb3 Qb6+ 17. Kh1 c5 18. Qd3 Qc6 19. c4 a5 20. Rfd1 Ba6 21. Nxa5
Qa4 22. Qxd6+ Kc8 23. Qd8# 1-0

[Event "Challenge"]
[Site "http://www.queenalice.com/game.php?id=985862"]
[Date "2011.9.16"]
[Round "-"]
[White "dreaming_of_a_vacation"]
[Black "AliceLachmann00"]
[Result "0-1"]
[WhiteElo "1403"]
[BlackElo "1375"]

1. e3 e5 2. Nc3 d5 3. d3 Be6 4. d4 e4 5. Bb5+ c6 6. Be2 Bb4 7. Bh5 Nf6 8. a3 Ba5
9. b4 Bc7 10. h3 Qe7 11. Be2 Nbd7 12. Na4 O-O 13. Qd2 b5 14. Nc5 a5 15. c3 Nxc5
16. dxc5 Be5 17. f4 Bc7 18. a4 bxa4 19. Ra3 axb4 20. cxb4 Nh5 21. Bxh5 Qh4+ 22.
Qf2 Qxh5 23. g4 Qh6 24. g5 Qh5 25. Qe2 Qh4+ 26. Qf2 Qh5 27. h4 f6 28. Qe2 Qg6
29. h5 Qf5 30. g6 h6 31. Nh3 Rfd8 32. Bb2 Rdb8 33. Bc3 Qg4 34. Qxg4 Bxg4 0-1

[Event "AUTO-OPEN-2593"]
[Site "http://www.queenalice.com/game.php?id=1024500"]
[Date "2012.2.1"]
[Round "1"]
[White "axelsun"]
[Black "dreaming_of_a_vacation"]
[Result "1-0"]
[WhiteElo "1975"]
[BlackElo "1382"]

1. c4 e6 2. d4 h6 3. Nc3 c6 4. e4 d5 5. cxd5 exd5 6. Nf3 Bb4 7. exd5 cxd5 8.
Qa4+ Bd7 9. Qxb4 Bc6 10. Ne5 Na6 11. Bxa6 Bd7 12. Bb5 Nf6 13. O-O a5 14. Bxd7+
Nxd7 15. Qxb7 Rb8 16. Qxd5 Rf8 17. Re1 1-0

[Event "AUTO-OPEN-2593"]
[Site "http://www.queenalice.com/game.php?id=1024526"]
[Date "2012.2.1"]
[Round "1"]
[White "chessman"]
[Black "dreaming_of_a_vacation"]
[Result "1-0"]
[WhiteElo "1904"]
[BlackElo "1380"]

1. e4 e5 2. Nf3 f6 3. Nxe5 fxe5 4. Qh5+ g6 5. Qxe5+ Qe7 6. Qxh8 Qg7 7. Qxg7 Bxg7
8. Bc4 Nf6 9. O-O Nxe4 10. Re1 d5 11. Bxd5 c6 12. Bxe4 Kd8 13. Nc3 Bd4 14. d3
Nd7 15. Bg5+ Kc7 16. Bf3 b6 17. Re8 a6 18. Rae1 Bf6 19. Bf4+ Kb7 20. R8e6 Bd8
21. Bxc6+ Ka7 22. Bxa8 Kxa8 23. Re8 Bf6 24. Rxc8+ Kb7 25. Rc7+ Ka8 26. Rxd7 1-0

[Event "AUTO-OPEN-2593"]
[Site "http://www.queenalice.com/game.php?id=1024527"]
[Date "2012.2.1"]
[Round "1"]
[White "dreaming_of_a_vacation"]
[Black "chessman"]
[Result "0-1"]
[WhiteElo "1384"]
[BlackElo "1892"]

1. Nf3 d5 2. d4 e6 3. e3 c5 4. c3 cxd4 5. Qxd4 Nc6 6. Qa4 Nf6 7. Qc2 Be7 8. Nbd2
O-O 9. Ng5 e5 10. Qxh7+ Nxh7 11. Nxh7 Kxh7 12. Bd3+ g6 13. O-O e4 14. Be2 f5 15.
f4 exf3 16. Bxf3 Ne5 17. Be2 Qb6 18. Nb3 f4 19. Nd4 fxe3 20. Nf3 Nxf3+ 21. gxf3
Bh3 22. Rd1 Rf5 23. Rd3 Rg5+ 24. Kh1 Bg2+ 25. Kg1 Bxf3+ 26. Kf1 Bxe2+ 27. Kxe2
Rg2+ 28. Kf3 Rf2+ 29. Kg3 Qd6+ 30. Kg4 Qf4+ 31. Kh3 Rxh2# 0-1

[Event "AUTO-OPEN-2593"]
[Site "http://www.queenalice.com/game.php?id=1024542"]
[Date "2012.2.1"]
[Round "1"]
[White "Stalemate"]
[Black "dreaming_of_a_vacation"]
[Result "0-1"]
[WhiteElo "1404"]
[BlackElo "1378"]

1. d4 d5 2. c4 dxc4 3. Nc3 Bd7 4. e4 c6 5. Bxc4 e6 6. Nf3 Qf6 7. Bg5 Qg6 8. O-O
Be7 9. Bf4 f6 10. Qb3 Qf7 11. Qxb7 c5 12. Qxa8 Bc6 13. Qxb8+ Bd8 14. Nb5 Bb7 15.
Nd6+ Kf8 0-1

[Event "AUTO-OPEN-2593"]
[Site "http://www.queenalice.com/game.php?id=1024543"]
[Date "2012.2.1"]
[Round "1"]
[White "dreaming_of_a_vacation"]
[Black "Stalemate"]
[Result "1-0"]
[WhiteElo "1395"]
[BlackElo "1387"]

1. Nc3 d5 2. d4 Nf6 3. f3 c5 4. e3 e6 5. dxc5 Bxc5 6. a3 Nc6 7. Bb5 O-O 8. Nge2
Qb6 9. Qd3 Ne5 10. Qd2 a6 11. Ba4 Nc4 12. Qd3 Bxe3 13. b3 Bxc1 14. Rxc1 Nxa3 15.
Qd4 Qxd4 16. Nxd4 1-0

[Event "AUTO-OPEN-2910"]
[Site "http://www.queenalice.com/game.php?id=1148642"]
[Date "2013.2.4"]
[Round "1"]
[White "FPM"]
[Black "dreaming_of_a_vacation"]
[Result "1-0"]
[WhiteElo "1913"]
[BlackElo "1429"]

1. Nf3 e6 2. c4 Nc6 3. d4 d5 4. cxd5 Qxd5 5. Nc3 Qf5 6. e4 Qa5 7. Bd2 Qb6 8. Bd3
Nb4 9. Be2 f6 10. a3 Nc6 11. Na4 Qa5 12. Bxa5 Nxa5 13. Nc3 Bd7 14. Bb5 c6 15.
Ba4 b5 16. Bc2 Nc4 17. b3 Nb6 18. O-O Nh6 19. d5 Bc5 20. b4 Bd6 21. dxc6 Nc4 22.
cxd7+ Kxd7 23. Nxb5 Kc6 24. Nxd6 Rhd8 25. Nd4+ Kxd6 26. Nb5+ Kc6 27. Nd4+ Kd6
28. Ba4 Nb2 29. Nxe6+ Nxd1 30. Nxd8 Nc3 31. Nb7+ Kc7 32. Nc5 Ne2+ 33. Kh1 Ng4
34. Ra2 Nc3 35. Rc2 Nxa4 36. Nxa4+ Kd6 37. Rd1+ Ke5 38. h3 Nh6 39. Rc5+ Kxe4 40.
Nc3+ Kf4 41. Rd4# 1-0

[Event "AUTO-OPEN-2910"]
[Site "http://www.queenalice.com/game.php?id=1148643"]
[Date "2013.2.4"]
[Round "1"]
[White "dreaming_of_a_vacation"]
[Black "FPM"]
[Result "0-1"]
[WhiteElo "1419"]
[BlackElo "1796"]

1. Nc3 d5 2. d4 Nf6 3. Nf3 Nc6 4. e3 Bg4 5. h3 Bh5 6. Be2 Nb4 7. a3 Nc6 8. g4
Bg6 9. Nh4 Be4 10. f3 Bg6 11. e4 dxe4 12. Bf4 exf3 13. Nxf3 Be4 14. O-O Bxf3 15.
Bxf3 Qd7 16. Nb5 Rc8 17. d5 a6 18. Nc3 Nb8 19. Ne2 e6 20. Nd4 Nxd5 21. Be5 Ne3
22. Qd3 Nxf1 23. Qxf1 f6 24. Bg3 Qxd4+ 25. Bf2 Qe5 26. c3 Bd6 27. Qg2 b6 28. Re1
Qb5 29. b4 O-O 30. Bd1 e5 31. a4 Qc6 32. Qxc6 Nxc6 33. Bf3 Ne7 34. g5 Ng6 35.
Bd5+ Kh8 36. Be3 c6 37. Be6 Rb8 38. b5 axb5 39. a5 bxa5 40. Kf2 fxg5+ 41. Ke2
Nf4+ 42. Bxf4 exf4 43. Kf3 Rbe8 44. Re4 Re7 45. Kg4 h6 46. Kh5 Rf6 47. Bd7 Rxd7
48. Re8+ Kh7 0-1

[Event "AUTO-OPEN-2910"]
[Site "http://www.queenalice.com/game.php?id=1148670"]
[Date "2013.2.4"]
[Round "1"]
[White "Lev123"]
[Black "dreaming_of_a_vacation"]
[Result "0-1"]
[WhiteElo "1174"]
[BlackElo "1427"]

1. e4 Nc6 2. Nf3 e5 3. Nc3 Nf6 4. Bb5 a6 5. Bxc6 bxc6 6. Nxe5 Qe7 7. Nf3 d5 8.
d3 dxe4 9. dxe4 Nd5 10. Nxd5 cxd5 11. Qxd5 Bb7 12. Qxb7 Rd8 0-1

[Event "AUTO-OPEN-2910"]
[Site "http://www.queenalice.com/game.php?id=1148671"]
[Date "2013.2.4"]
[Round "1"]
[White "dreaming_of_a_vacation"]
[Black "Lev123"]
[Result "1-0"]
[WhiteElo "1433"]
[BlackElo "1168"]

1. Nc3 Nf6 2. e3 Nc6 3. Bc4 d5 4. Bd3 e5 5. Nf3 e4 6. Ng5 exd3 7. cxd3 Bb4 8. e4
dxe4 9. Qe2 O-O 10. dxe4 Re8 11. Qc4 Be6 12. Qe2 Nd4 13. Qd3 1-0

[Event "AUTO-OPEN-2910"]
[Site "http://www.queenalice.com/game.php?id=1148690"]
[Date "2013.2.4"]
[Round "1"]
[White "dreaming_of_a_vacation"]
[Black "nuage"]
[Result "1-0"]
[WhiteElo "1411"]
[BlackElo "1669"]

1. Nc3 e5 2. e4 Nf6 3. d3 Bb4 4. a3 Bxc3+ 5. bxc3 O-O 6. Nf3 d6 7. h3 Nbd7 8.
Nh4 Nc5 9. a4 Bd7 10. Qf3 Nxa4 11. Ra3 b5 12. Bh6 c5 13. Bxg7 Kxg7 14. Qg3+ Kh8
15. Nf5 Rg8 16. Qh4 a5 17. Nh6 Rg7 18. c4 b4 19. Rb3 Nc3 20. g3 Ba4 21. Rb2 Rg6
22. Nxf7+ 1-0

[Event "AUTO-OPEN-2910"]
[Site "http://www.queenalice.com/game.php?id=1148691"]
[Date "2013.2.4"]
[Round "1"]
[White "nuage"]
[Black "dreaming_of_a_vacation"]
[Result "1-0"]
[WhiteElo "1648"]
[BlackElo "1437"]

1. Nf3 e6 2. d3 Nc6 3. g3 d5 4. Bg2 Bc5 5. O-O Nh6 6. a3 Qf6 7. b4 Qxa1 8. Bf4
Bd6 9. Bxh6 gxh6 10. Nh4 Qe5 11. Nf3 Qf6 12. Nbd2 e5 13. b5 e4 14. Nh4 Nd4 15.
a4 Bg4 16. dxe4 Bxe2 17. Qe1 Qe5 18. exd5 O-O-O 19. Nc4 Qh5 20. Nd2 Nxc2 21. Qc1
Bd3 22. Bf3 Qg5 23. Be4 Nb4 24. Bxd3 Nxd3 25. Qc3 Nb4 26. Ndf3 Qxd5 27. Nd4 b6
28. Nhf5 Qc5 29. Qf3 Kb8 30. Nc6+ Nxc6 31. bxc6 Qa3 32. Qh5 Qxa4 33. Nxh6 Qb5
34. Qxb5 Rhf8 35. Qa6 Bc5 36. Qb7# 1-0

[Event "Challenge"]
[Site "http://www.queenalice.com/game.php?id=1156846"]
[Date "2013.3.2"]
[Round "-"]
[White "Rogerio11"]
[Black "dreaming_of_a_vacation"]
[Result "1-0"]
[WhiteElo "1356"]
[BlackElo "1438"]

1. e4 e5 2. Bc4 Nh6 3. d3 Bb4+ 4. c3 Bc5 5. b4 Bd6 6. Bd5 c6 7. Bc4 Be7 8. d4 d5
9. dxe5 dxc4 10. Nf3 Qxd1+ 11. Kxd1 Ng4 12. Rf1 O-O 13. Nd4 Nxh2 14. Rh1 Ng4 15.
f3 1-0